| 000 | 00702nmm a2200193Ia 4500 | ||
|---|---|---|---|
| 008 | 251105s9999||||xx |||||||||||||||||und|| | ||
| 020 | _a9788411229159 | ||
| 041 | _aspa | ||
| 100 | _aParejo Moruno, Francisco Manuel | ||
| 245 | 0 |
_aOrganización de la producción, instituciones y cooperación empresarial : _b Estudios aplicados para el desarrollo rural |
|
| 264 |
_a[Madrid, España] : _bDykinson, _c2023 |
||
| 300 | _a380 páginas | ||
| 650 | _aEconomics and Business | ||
| 700 | _aParejo Moruno, Francisco Manuel | ||
| 700 | 1 | _a Rangel Preciado, José Francisco | |
| 700 | 1 | _a Linares Luján, Antonio Miguel (Eds.) | |
| 856 | _uhttps://public.digitaliapublishing.com/a/129094 | ||
| 942 | _cCF | ||
| 999 |
_c69759 _d69759 |
||